000 00792nam a2200217 i 4500
001 76962
003 ES-MaACL
005 20250819051803.0
007 t|
008 041006s1932 fr ||||1| fre d
100 1 _aGurvitch, Georges.
_961006
245 1 2 _aL'idée du droit social
_b: notion et systéme du droit social; Histoire doctrinale spuis le XVII siecle pisqui a la fin du XIX siecle /
_cGeorges Gurvitch ; preface de Louis le Fur.
260 _aParis :
_b[s.n.,
_c1932] (
_eBar-le-Duc :
_fContant Laguerre)
300 _a714 p. ;
_c25 cm.
650 4 _aDerecho-
_xFilosofía
_911620
650 7 _aDerecho y socialismo
_2embne
_9148522
650 0 4 _aCiencias sociales-
_xFilosofía
_910993
700 1 _aLe Fur, Louis.
_970879
852 _aES-MaACL
_jA-1454
999 _c76962
_d76962